logo

Bir Sreshtho Munshi Abdur Rouf Library
Jhenaidah Cadet College

মুসলিম উৎসব-ঐতিহ্য / (Record no. 6438)

MARC details
000 -LEADER
fixed length control field 00781nam a2200217 a 4500
001 - CONTROL NUMBER
JCCL Control Number 6438
003 - CONTROL NUMBER IDENTIFIER
JCCL marc code BD-JhCC
005 - DATE AND TIME OF LATEST TRANSACTION
control field 20180123114002.0
008 - FIXED-LENGTH DATA ELEMENTS--GENERAL INFORMATION
fixed length control field 180123s2002 bg |||| ||a| 000 0 ben d
035 ## - SYSTEM CONTROL NUMBER
system control number (BD-JhCC)6438
040 ## - CATALOGING SOURCE
Original cataloging agency BD-JhCC
Modifying agency BD-JhCC
041 ## - LANGUAGE CODE
Language code of Book ben
082 ## - DEWEY DECIMAL CLASSIFICATION NUMBER
Classification number 297.5
Author mark and Year SID 2002
100 ## - MAIN ENTRY--PERSONAL NAME
Personal name সিদ্দিকী, মোহাম্মদ খালেদ সাইফুল্লাহ
245 ## - TITLE STATEMENT
Title মুসলিম উৎসব-ঐতিহ্য /
Statement of responsibility, etc মোহাম্মদ খালেদ সাইফুল্লাহ সিদ্দিকী,
260 ## - PUBLICATION, DISTRIBUTION, ETC. (IMPRINT)
Place of publication, distribution, etc ঢাকা :
Name of publisher, distributor, etc বাতায়ন প্রকাশনী,
Date of publication, distribution, etc 2002
300 ## - PHYSICAL DESCRIPTION
Pagination 415 p. :
Dimensions 22 cm.
650 ## - SUBJECT ADDED ENTRY--TOPICAL TERM
Topical term or geographic name as entry element Islam
General subdivision Festival & Tradition
942 ## - ADDED ENTRY ELEMENTS (KOHA)
Source of classification or shelving scheme Dewey Decimal Classification
Koha item type Books
Holdings
Source of classification or shelving scheme Damaged status Not for loan Home library Current library Shelving location Date of accession Cost, normal purchase price Total Checkouts Full call number Barcode Date last seen Date checked out Copy number Koha item type
Dewey Decimal Classification     JCC Rouf Library JCC Rouf Library General Stacks 01/23/2018 250.00 1 297.5 SID 2002 750 07/16/2024 07/15/2024 C-1 Books

JCC Library | Contacts | JCC Home

Last Update on 23 September 2017
Copyright @ 2017-2020 JCC Rouf Library
Rouf Library, Jhenidah Cadet College (JCC), Bangladesh